Trouve le pilote de F1 (lettre P) - Statistiques

Statistiques générales
  • Ce quiz a été pris 40 fois
  • Le résultat moyen est 6 sur 12
Statistiques - réponses
Par images Réponse % Correct
Alain Prost
94%
Oscar Piastri
94%
Sergio Pérez
91%
Nelson Piquet
64%
Olivier Panis
55%
Vitaly Petrov
39%
Charles Pic
33%
Jolyon Palmer
33%
Riccardo Patrese
33%
Didier Pironi
30%
Ronnie Peterson
30%
Carlos Pace
18%
Aucun quiz correspondant
Distribution des résultats
% des personnes avec chaque résultat
Percentile par nombre de réponses
Votre historique - résultats
Vous n’avez pas pris ce quiz